| 000 | 00366nam a2200157Ia 4500 | ||
|---|---|---|---|
| 003 | OSt | ||
| 005 | 20240220103111.0 | ||
| 008 | 170524s9999 xx 000 0 und d | ||
| 020 | _a 978-1119800361 | ||
| 040 | _cIIMT UNIVERSITY MEERUT | ||
| 100 | _aGilbrschatz/Aalvin | ||
| 245 | 0 | _aOperating System Concept | |
| 260 | _bWiley | ||
| 260 | _c2007 | ||
| 942 |
_2ddc _c02 |
||
| 999 |
_c5010 _d5010 |
||